Flora, la deconocida del espacio / (Registro nro. 3377)
[ vista simple ]
| 000 -LEADER | |
|---|---|
| fixed length control field | 01170nam a2200241Ia 4500 |
| 003 - CONTROL NUMBER IDENTIFIER | |
| control field | OSt |
| 005 - DATE AND TIME OF LATEST TRANSACTION | |
| control field | 20250711125422.0 |
| 008 - FIXED-LENGTH DATA ELEMENTS--GENERAL INFORMATION | |
| fixed length control field | 191128u2000 ck gr 000 f spa d |
| 020 ## - INTERNATIONAL STANDARD BOOK NUMBER | |
| International Standard Book Number | 958041033X |
| 040 ## - CATALOGING SOURCE | |
| Original cataloging agency | CO-JMCR |
| Transcribing agency | CO-JMCR |
| 041 ## - LANGUAGE CODE | |
| Language code of text/sound track or separate title | spa |
| 082 04 - DEWEY DECIMAL CLASSIFICATION NUMBER | |
| Classification number | N |
| Item number | BEAf |
| 100 1# - MAIN ENTRY--PERSONAL NAME | |
| Personal name | Beaude, Pierre - Marie, |
| Relator term | 1941 |
| Fuller form of name | autor |
| 9 (RLIN) | 6345 |
| 245 10 - TITLE STATEMENT | |
| Title | Flora, la deconocida del espacio / |
| Statement of responsibility, etc. | Pierre - Marie Beaude ; traducción de Magdalena Holguín |
| 260 ## - PUBLICATION, DISTRIBUTION, ETC. | |
| Place of publication, distribution, etc. | Bogotá : |
| Name of publisher, distributor, etc. | Norma, |
| Date of publication, distribution, etc. | ©2000 |
| 300 ## - PHYSICAL DESCRIPTION | |
| Extent | 139 páginas ; |
| Dimensions | 19 cm. |
| 490 0# - SERIES STATEMENT | |
| Series statement | Torre de papel amarillo |
| 500 ## - GENERAL NOTE | |
| General note | Incluye datos biográficos del autor. Incluye tabla de contenido. |
| 505 ## - FORMATTED CONTENTS NOTE | |
| Formatted contents note | Embarque hacia Uma -- Una extraña llamada -- Cita en Aster 3020 -- Las abejas de oro -- El accidente -- El invierno astral -- El secreto de la flora -- El ataque de Cortes -- Regreso a Uma. |
| 520 ## - SUMMARY, ETC. | |
| Summary, etc. | Una mañana del año 2010, Jonathan Silésius se va de vacaciones al espacio. Su único compañero de viaje, a bordo de su nave personal, es un computador bastante conversador. Una extraña llamada por radio, una cita misteriosa en un asteroide, y Jonathan se v |
| 650 04 - SUBJECT ADDED ENTRY--TOPICAL TERM | |
| Topical term or geographic name entry element | Novela |
| 9 (RLIN) | 6346 |
| 942 ## - ADDED ENTRY ELEMENTS (KOHA) | |
| Source of classification or shelving scheme | Dewey Decimal Classification |
| Koha item type | Books |
| Withdrawn status | Lost status | Source of classification or shelving scheme | Damaged status | Not for loan | Collection code | Home library | Current library | Date acquired | Source of acquisition | Cost, normal purchase price | Total Checkouts | Total Renewals | Full call number | Barcode | Date last seen | Date last checked out | Copy number | Koha item type |
|---|---|---|---|---|---|---|---|---|---|---|---|---|---|---|---|---|---|---|
| Dewey Decimal Classification | Fiction | Biblioteca Pública José María del Castillo y Rada | Biblioteca Pública José María del Castillo y Rada | 11/28/2019 | Donación | 0.00 | 2 | 1 | N BEAf | 201807079 | 03/31/2026 | 03/31/2026 | Ej. 1 | Books |